Catálogo

HUMANITY AND NATURE : (Registro nro. 61065)

Detalles MARC
000 -LEADER
fixed length control field 00533nam a2200181 a 4500
001 - CONTROL NUMBER
control field 61065
005 - DATE AND TIME OF LATEST TRANSACTION
control field 20180714062546.0
008 - FIXED-LENGTH DATA ELEMENTS--GENERAL INFORMATION
fixed length control field 140415s1992 000 0 eng d
041 ## - LANGUAGE CODE
Language code of text/sound track or separate title eng
082 ## - DEWEY DECIMAL CLASSIFICATION NUMBER
Classification number 574.501
Item number HAI
100 1# - MAIN ENTRY--PERSONAL NAME
Personal name HAILA, YRJ™
245 10 - TITLE STATEMENT
Title HUMANITY AND NATURE :
Remainder of title ECOLOGY SCIENCE AND SOCIETY
250 ## - EDITION STATEMENT
Edition statement 1a ed.
260 ## - PUBLICATION, DISTRIBUTION, ETC.
Place of publication, distribution, etc. [s.l.] :
Name of publisher, distributor, etc. PLUTO PRESS,
Date of publication, distribution, etc. 1992
300 ## - PHYSICAL DESCRIPTION
Extent 270
650 14 - SUBJECT ADDED ENTRY--TOPICAL TERM
Topical term or geographic name entry element POLITICA AMBIENTAL
General subdivision ECOLOGIA
-- HOMBRE_INFLUENCIA SOBRE LA NATURALEZA
700 1# - ADDED ENTRY--PERSONAL NAME
Personal name LEVINS, RICHARD
Relator term coaut.
Existencias
Withdrawn status Lost status Source of classification or shelving scheme Damaged status Not for loan Collection code Home library Current library Shelving location Date acquired Source of acquisition Inventory number Total Checkouts Full call number Barcode Date last seen Price effective from Koha item type
    Dewey Decimal Classification     General Biblioteca Karol Wojtyla Biblioteca Karol Wojtyla Sala general 03/12/2013 Compra 151000000000000000000620   574.501 HAI 980 05/01/2026 03/12/2013 Libro